00472nam a2200193Ia 4500003000400000005001700004008004100021020002200062040000700084041000800091082002200099100002000121245004300141250000600184260004100190300001700231365001700248650001300265OSt20250625092405.0210423s2019 xx 000 0 und d a978-1-108-45674-6 cAL aeng a001.42 223bBEIR aBernard C Beins aResearch methods: a tool for life Ed 4 a4 aUKbCambridge University Pressc2019 axxii,514bPB b6387.02cUSD aResearch